|
|
|
|
| LEADER |
00000nam0a2200000 4500 |
| 001 |
331423 |
| 005 |
20250220113351.0 |
| 035 |
|
|
|a (RuTPU)RU\TPU\book\357250
|
| 090 |
|
|
|a 331423
|
| 100 |
|
|
|a 20170424d1979 m y0rusy50 ca
|
| 101 |
0 |
|
|a rus
|
| 102 |
|
|
|a RU
|
| 105 |
|
|
|a a z 011zy
|
| 200 |
1 |
|
|a Ленинский декрет в действии. 60 лет советской геодезии и картографии
|e [альбом]
|f СССР, Главное управление геодезии и картографии ; под ред. И. Я. Сукеник [и др.]
|
| 210 |
|
|
|a Москва
|c Изд-во ГУГК
|d 1979
|
| 215 |
|
|
|a 74 л.
|c ил.
|
| 330 |
|
|
|a 75 листов в красной издательской папке. Альбом содержит диаграммы, карты, схемы, фотографии и краткие пояснительные тексты, которые рассказывают о претворении в жизнь положений Ленинского декрета на различных этапах социалистического строительства в нашей стране. Показано значение топографо-геодезических и картографических работ для развития различных отраслей народного хозяйства. Отражено участие геодезистов, топографов и картографов в Великой Отечественной войне 1941-1945 гг
|
| 606 |
1 |
|
|a Геодезия
|x История
|2 stltpush
|3 (RuTPU)RU\TPU\subj\6024
|9 33990
|
| 606 |
1 |
|
|a Картография
|x История
|2 stltpush
|3 (RuTPU)RU\TPU\subj\66503
|9 82603
|
| 610 |
1 |
|
|a Россия
|
| 610 |
1 |
|
|a СССР
|
| 610 |
1 |
|
|a диаграммы
|
| 610 |
1 |
|
|a карты
|
| 610 |
1 |
|
|a схемы
|
| 610 |
1 |
|
|a фотографии
|
| 610 |
1 |
|
|a Великая Отечественная война 1941-1945
|
| 610 |
1 |
|
|a международное сотрудничество
|
| 610 |
1 |
|
|a космические исследования
|
| 610 |
1 |
|
|a Луна
|
| 610 |
1 |
|
|a Земля
|
| 610 |
1 |
|
|a картографирование
|
| 675 |
|
|
|a 528(09)
|v 4
|
| 675 |
|
|
|a 528.9(09)
|v 4
|
| 702 |
|
1 |
|a Сукеник
|b И. Я.
|4 340
|
| 702 |
|
1 |
|a Федосова
|b М. А.
|4 340
|
| 702 |
|
1 |
|a Чумалова
|b Г. Г.
|4 340
|
| 712 |
0 |
1 |
|a СССР
|b Главное управление геодезии и картографии
|c 1938-1991
|7 ca
|8 rus
|2 stltpush
|3 (RuTPU)RU\TPU\col\13425
|9 25663
|
| 801 |
|
1 |
|a RU
|b 63413507
|c 20170424
|
| 801 |
|
2 |
|a RU
|b 63413507
|c 20200731
|g RCR
|
| 942 |
|
|
|c BK
|